000 00931cam a22002891 4500
001 8387497
003 OSt
005 20221221130659.0
008 721117s1954 xx 000 0 eng
010 _a 54012057
035 _a(OCoLC)497897
040 _aDLC
_cODaWU
_dOCoLC
_dDLC
041 1 _aeng
_hfre
050 0 0 _aJK216
_bT56
100 1 _aTocqueville, Alexis de,
_d1945
_910548
240 1 0 _aDe la démocratie en Amérique.
_lEnglish
245 1 0 _aDemocracy in America.
260 _aNew York,
_bVintage Books,
_c1954 [c1945]
300 _a2 v.
490 0 _aA Vintage book, K-5A--K-5B
504 _a"A bibliography of items relating to Democracy in America and its author": v. 2, p.[510]-518.
650 0 _aDemocracy.
_9473
651 0 _aUnited States
_xPolitics and government.
_94238
651 0 _aUnited States
_xSocial conditions.
_9677
906 _a7
_bcbc
_coclcrpl
_du
_encip
_f19
_gy-gencatlg
942 _2lcc
_cBK
999 _c41970
_d41970